[Event "zonal 2.4"]
[Site "Sao Paulo BRA"]
[Date "1993.03.??"]
[Round "8"]
[White "Trindade, Sandro Heleno"]
[Black "Izquierdo Saravia, Daniel"]
[Result "1/2-1/2"]
[WhiteElo "2315"]
[BlackElo "2330"]
[EventDate "1993.03.13"]
[PlyCount "93"]

1.e4 e5 2.Nc3 Nf6 3.g3 d5 4.exd5 Nxd5 5.Bg2 Nxc3 6.bxc3 Bd6 7.Ne2 O-O 8.
O-O Nd7 9.d3 Nf6 10.c4 Rb8 11.h3 Bd7 12.Be3 a6 13.Ba7 Ra8 14.Be3 Qc8 15.
Kh2 c5 16.Bg5 Be7 17.Nc3 Ng4+ 18.hxg4 Bxg5 19.Bf3 Bc6 20.Bxc6 Qxc6 21.a4 
Rae8 22.Qe2 h5 23.Ne4 hxg4 24.Rh1 f5 25.Nxg5 Qh6+ 26.Nh3 gxh3 27.Qf1 Qd2 
28.Kg1 Re6 29.Qxh3 Rh6 30.Qg2 Rxh1+ 31.Kxh1 e4 32.dxe4 fxe4 33.Qxe4 Rxf2 
34.Qe8+ Kh7 35.Qe4+ Kg8 36.Qe8+ Kh7 37.Qe4+ Kg8 38.Qe8+ Rf8 39.Qe6+ Kh8 
40.Qh3+ Qh6 41.Qxh6+ gxh6 42.Rb1 Rf2 43.Rxb7 Rxc2 44.Rb6 Kg7 45.Rxa6 Rxc4 
46.Kg2 Rc1 47.Rc6 1/2-1/2

[Event "zonal 2.4"]
[Site "Sao Paulo BRA"]
[Date "1993.03.??"]
[Round "8"]
[White "Vasquez Schroder, Rodrigo"]
[Black "Slipak, Sergio David"]
[Result "1-0"]
[WhiteElo "2475"]
[BlackElo "2405"]
[EventDate "1993.03.13"]
[PlyCount "65"]

1.e4 c6 2.d3 e5 3.Nf3 d6 4.g3 Nf6 5.Bg2 Be7 6.O-O O-O 7.Re1 Nbd7 8.a4 a5 
9.d4 Re8 10.b3 Bf8 11.Bb2 exd4 12.Nxd4 d5 13.exd5 Rxe1+ 14.Qxe1 Nxd5 15.
Na3 N7f6 16.h3 Qc7 17.Nc4 Bd7 18.Rd1 Re8 19.Qxa5 Qc8 20.Nf3 Bxh3 21.Nb6 
Bxg2 22.Nxc8 Bxf3 23.Re1 Ne4 24.Qa8 Nb6 25.Qxb7 Nxc8 26.Re3 Nc5 27.Rxe8 
Nxb7 28.Rxc8 Nd6 29.Rb8 f6 30.Ba3 Kf7 31.a5 Be2 32.c4 c5 33.Bxc5 1-0

[Event "zonal 2.4"]
[Site "Sao Paulo BRA"]
[Date "1993.03.??"]
[Round "9"]
[White "Braga, Cicero Nogueira"]
[Black "Panno, Oscar"]
[Result "1/2-1/2"]
[WhiteElo "2370"]
[BlackElo "2495"]
[EventDate "1993.03.13"]
[PlyCount "93"]

1.g3 g6 2.Bg2 Bg7 3.e4 c5 4.f4 Nc6 5.d3 d6 6.Nf3 e6 7.O-O Nge7 8.c3 O-O 9.
Be3 f5 10.exf5 Nxf5 11.Bf2 Bd7 12.Na3 Qc7 13.Re1 Rae8 14.Rc1 a6 15.Nc2 Nd8
16.d4 b6 17.d5 Kh8 18.Ng5 e5 19.fxe5 Bxe5 20.Qd2 Nf7 21.Nf3 Bg7 22.Rxe8 
Bxe8 23.Re1 Bh6 24.Qd1 Bd7 25.Ne3 a5 26.Nxf5 Bxf5 27.h3 Ng5 28.Nxg5 Bxg5 
29.h4 Bf6 30.g4 Bd7 31.Bg3 Re8 32.g5 Bg7 33.Bh3 Be5 34.Bxe5+ dxe5 35.d6 
Qc6 36.Bxd7 Qxd7 37.Rf1 e4 38.Rf6 e3 39.Qf3 Kg8 40.Kf1 e2+ 41.Ke1 Qa4 42.
Qd5+ Kh8 43.b4 Qc2 44.Rf8+ Rxf8 45.Qe5+ Kg8 46.Qe6+ Rf7 47.Qe8+ 1/2-1/2

[Event "zonal 2.4"]
[Site "Sao Paulo BRA"]
[Date "1993.03.??"]
[Round "9"]
[White "De Toledo, James Mann"]
[Black "Trindade, Sandro Heleno"]
[Result "1/2-1/2"]
[WhiteElo "2265"]
[BlackElo "2315"]
[EventDate "1993.03.13"]
[PlyCount "97"]

1.d4 Nf6 2.c4 e6 3.Nc3 Bb4 4.e3 c5 5.Bd3 b6 6.Nf3 Bb7 7.O-O O-O 8.Na4 cxd4
9.exd4 Be7 10.a3 d5 11.c5 bxc5 12.Nxc5 Bxc5 13.dxc5 Qc7 14.b4 e5 15.Bb2 e4
16.Bxf6 gxf6 17.Bc2 exf3 18.Qxf3 Qe5 19.Rae1 Qg5 20.Qd3 Qh5 21.Re3 Bc8 22.
Rfe1 Nc6 23.b5 Ne5 24.Qxd5 Be6 25.Qe4 Rad8 26.Qf4 Ng4 27.Rh3 Qg5 28.Qxg5+ 
fxg5 29.Bxh7+ Kg7 30.Bb1 Rd5 31.Rc3 Rc8 32.Rec1 Rcd8 33.Bc2 Rd2 34.f3 Ne5 
35.a4 Nd3 36.Bxd3 R8xd3 37.Rxd3 Rxd3 38.Rb1 Rb3 39.Rxb3 Bxb3 40.a5 Bd5 41.
c6 a6 42.c7 Bb7 43.b6 f5 44.g3 Kf6 45.h3 f4 46.Kf2 Kf5 47.Kg2 Kf6 48.Kf2 
Kf5 49.Kg2 1/2-1/2

[Event "zonal 2.4"]
[Site "Sao Paulo BRA"]
[Date "1993.03.??"]
[Round "9"]
[White "Izquierdo Saravia, Daniel"]
[Black "Valiente, Cristobal"]
[Result "1/2-1/2"]
[WhiteElo "2330"]
[BlackElo "2340"]
[EventDate "1993.03.13"]
[PlyCount "135"]

1.d4 e6 2.Nf3 c5 3.e3 Nf6 4.Bd3 Nc6 5.a3 d5 6.b3 Bd6 7.Bb2 Qc7 8.Nc3 a6 9.
dxc5 Bxc5 10.e4 d4 11.Ne2 e5 12.Ng3 h5 13.h4 Bg4 14.Be2 O-O-O 15.Ng5 Kb8 
16.f3 Be6 17.Qd3 Ne7 18.Nf1 Ng6 19.g3 Rd6 20.O-O-O Rc8 21.Kb1 Rc6 22.Rc1 
Qe7 23.Nxe6 Rxe6 24.b4 Bb6 25.c4 dxc3 26.Rxc3 Rxc3 27.Qxc3 Bd4 28.Qb3 Bxb2
29.Kxb2 Qd7 30.Bc4 Rc6 31.Bd5 Nxd5 32.exd5 Rf6 33.Rh2 Ne7 34.Rd2 Nf5 35.
Qd3 Nd4 36.Qe4 Nxf3 37.Rf2 Qg4 38.Qxg4 hxg4 39.Ne3 e4 40.Nxg4 Rg6 41.Ne3 
Rxg3 42.Nf5 Rg6 43.d6 Rf6 44.Nxg7 Rxd6 45.h5 Rh6 46.Rg2 Rh7 47.Kc3 b5 48.
Rg3 Ka7 49.Ne8 Rxh5 50.Rg7 Ng5 51.Nd6 Rh3+ 52.Kc2 Rh2+ 53.Kc3 Rh3+ 54.Kc2 
Rh2+ 55.Kc3 Rh5 56.Nxf7 Rh3+ 57.Kd2 Ne6 58.Rg4 Rd3+ 59.Ke1 Re3+ 60.Kd2 
Rd3+ 61.Ke1 e3 62.Ke2 Rxa3 63.Ne5 Nc7 64.Re4 Kb7 65.Nd3 a5 66.bxa5 Na6 67.
Re6 Rxa5 68.Kxe3 1/2-1/2

[Event "zonal 2.4"]
[Site "Sao Paulo BRA"]
[Date "1993.03.??"]
[Round "9"]
[White "Lima, Darcy"]
[Black "Giardelli, Sergio Carlos"]
[Result "1-0"]
[WhiteElo "2445"]
[BlackElo "2425"]
[EventDate "1993.03.13"]
[PlyCount "55"]

1.d4 d5 2.c4 e6 3.Nc3 f5 4.Nf3 c6 5.Bf4 Nf6 6.e3 Be7 7.Bd3 O-O 8.Qc2 Ne4 
9.g4 Na6 10.a3 Qa5 11.Ke2 Nxc3+ 12.bxc3 Nc7 13.c5 Ne8 14.Rhg1 Kh8 15.Rg2 
Nf6 16.Rag1 Ne4 17.gxf5 exf5 18.Rxg7 Bf6 19.Be5 Be6 20.Re7 Bg8 21.Rgg7 b6 
22.Qb2 Nxc3+ 23.Kf1 Ne4 24.Ng5 Bxe5 25.dxe5 Qxc5 26.Ne6 Qa5 27.Nxf8 Rxf8 
28.Bxe4 1-0

[Event "zonal 2.4"]
[Site "Sao Paulo BRA"]
[Date "1993.03.??"]
[Round "9"]
[White "Rubinetti, Jorge Alberto"]
[Black "Silva Lillo, Sebastian"]
[Result "1-0"]
[WhiteElo "2450"]
[BlackElo "2350"]
[EventDate "1993.03.13"]
[PlyCount "171"]

1.Nf3 c5 2.c4 g6 3.d4 cxd4 4.Nxd4 Bg7 5.e4 Nc6 6.Be3 Nf6 7.Nc3 O-O 8.Be2 
d6 9.O-O Bd7 10.Nb3 a5 11.Rc1 a4 12.Nd4 Nxd4 13.Bxd4 Bc6 14.f3 Nd7 15.Be3 
Nc5 16.Qd2 f5 17.exf5 gxf5 18.Rfe1 Rf7 19.Bf1 b6 20.Rcd1 Ra7 21.Nd5 Rd7 
22.Bg5 Be5 23.Qf2 f4 24.Nb4 Bb7 25.Nd3 Nxd3 26.Bxd3 Kh8 27.Bc2 Bc6 28.Be4 
Bxe4 29.Rxe4 Rf5 30.Bh4 Qc7 31.Qd2 Qc6 32.Bf2 Kg8 33.Qd5+ Qxd5 34.Rxd5 Rb7
35.Rb5 Kf7 36.Kf1 Ke8 37.Bxb6 Kd7 38.Bf2 Rxb5 39.cxb5 Bxb2 40.Rxa4 Rxb5 
41.Rxf4 Bf6 42.Re4 d5 43.Re1 Rb2 44.a3 Bc3 45.Rd1 Kd6 46.Bd4 Bxd4 47.Rxd4 
Kc5 48.Rh4 e5 49.Rxh7 Kd4 50.Re7 e4 51.fxe4 dxe4 52.h4 Ra2 53.h5 Ke3 54.
Kg1 Rxa3 55.Kh2 Ra5 56.g4 Kf4 57.Kh3 Kg5 58.Rxe4 Ra3+ 59.Kg2 Rb3 60.Kf2 
Rh3 61.Re3 Rh4 62.Rg3 Rh2+ 63.Rg2 Rh3 64.Rg3 Rh2+ 65.Kg1 Rh4 66.Kg2 Kf4 
67.Kf2 Rh2+ 68.Rg2 Rh1 69.Ke2 Rh3 70.Rg1 Rh2+ 71.Kd3 Kg5 72.Ke3 Rh3+ 73.
Kf2 Kf4 74.Rg2 Rh1 75.Ke2 Rh3 76.Rg1 Rh2+ 77.Kd3 Rh3+ 78.Kd4 Kg5 79.Ke4 
Ra3 80.Rh1 Kxg4 81.h6 Ra8 82.h7 Rh8 83.Ke5 Kg5 84.Ke6 Kg6 85.Rg1+ Kh6 86.
Kf7 1-0

[Event "zonal 2.4"]
[Site "Sao Paulo BRA"]
[Date "1993.03.??"]
[Round "9"]
[White "Soppe, Guillermo"]
[Black "Catropa, Djalma"]
[Result "1/2-1/2"]
[WhiteElo "2460"]
[BlackElo "2300"]
[EventDate "1993.03.13"]
[PlyCount "29"]

1.Nf3 f5 2.d4 Nf6 3.Bg5 e6 4.Nbd2 Be7 5.Bxf6 Bxf6 6.e4 O-O 7.Bd3 Nc6 8.c3 
d6 9.Qc2 g6 10.h4 e5 11.dxe5 Nxe5 12.Nxe5 Bxe5 13.O-O-O f4 14.Nf3 Qf6 15.
Nxe5 1/2-1/2

[Event "zonal 2.4"]
[Site "Sao Paulo BRA"]
[Date "1993.03.??"]
[Round "9"]
[White "Sunye Neto, Jaime"]
[Black "Slipak, Sergio David"]
[Result "1-0"]
[WhiteElo "2545"]
[BlackElo "2405"]
[EventDate "1993.03.13"]
[PlyCount "79"]

1.c4 e6 2.Nf3 d5 3.g3 g6 4.Bg2 Bg7 5.O-O Ne7 6.d4 O-O 7.Qc2 Nbc6 8.Rd1 b6 
9.Nc3 a5 10.a3 Ba6 11.cxd5 exd5 12.Bf4 Qd7 13.h4 Rad8 14.e3 Bb7 15.Rac1 
Ba8 16.Qb3 Nf5 17.Nb5 Rc8 18.Rd2 a4 19.Qxa4 Na5 20.Ne5 Bxe5 21.dxe5 Bc6 
22.Bf1 d4 23.b4 Qd5 24.Rxc6 Nxc6 25.Bg2 Qe6 26.exd4 Qe8 27.Qb3 Nxe5 28.
dxe5 Qxb5 29.e6 Nd6 30.Bd5 c6 31.Bxd6 cxd5 32.Bxf8 Rc1+ 33.Kh2 Qf1 34.Qf3 
Qg1+ 35.Kh3 Qf1+ 36.Qg2 Kxf8 37.exf7 Kxf7 38.Rxd5 Qe2 39.Rd4 Qe6+ 40.Kh2 
1-0

[Event "zonal 2.4"]
[Site "Sao Paulo BRA"]
[Date "1993.03.??"]
[Round "9"]
[White "Van Riemsdijk, Herman Claudius"]
[Black "Egger Mancilla, Jorge"]
[Result "0-1"]
[WhiteElo "2400"]
[BlackElo "2410"]
[EventDate "1993.03.13"]
[PlyCount "90"]

1.e4 c5 2.Nf3 Nc6 3.Nc3 g6 4.d4 cxd4 5.Nxd4 Bg7 6.Be3 Nf6 7.Bc4 d6 8.h3 
O-O 9.Bb3 Bd7 10.O-O Rc8 11.f4 a6 12.Qf3 b5 13.Rad1 Nxd4 14.Bxd4 Bc6 15.
Rfe1 Qc7 16.a3 a5 17.Qe2 Qb7 18.Nd5 Bxd5 19.exd5 a4 20.Ba2 Nh5 21.Bxg7 
Kxg7 22.Qd2 Nf6 23.c3 Rfe8 24.Qf2 Rc5 25.Rd4 Rec8 26.f5 Re8 27.Qd2 Qd7 28.
Rf1 Qa7 29.Kh2 Rh8 30.Qf4 Qd7 31.Qe3 gxf5 32.Qg5+ Kf8 33.Rxf5 Rg8 34.Qf4 
Ke8 35.Bb1 Qb7 36.Qf3 Rc4 37.Rd2 Qb6 38.Bd3 Rh4 39.Rxf6 exf6 40.Qxf6 Rh5 
41.Re2+ Kf8 42.Re7 Rg7 43.Rd7 Rxh3+ 44.Kxh3 Qe3+ 45.Kh2 Qg3+ 0-1

[Event "zonal 2.4"]
[Site "Sao Paulo BRA"]
[Date "1993.03.??"]
[Round "9"]
[White "Vasquez Schroder, Rodrigo"]
[Black "Milos, Gilberto"]
[Result "0-1"]
[WhiteElo "2475"]
[BlackElo "2560"]
[EventDate "1993.03.13"]
[PlyCount "108"]

1.e4 e5 2.Nf3 Nc6 3.c3 d5 4.Qa4 Qd6 5.Bb5 Bd7 6.O-O dxe4 7.Qxe4 Nge7 8.d4 
exd4 9.cxd4 Qg6 10.Nc3 O-O-O 11.Be3 Qxe4 12.Nxe4 h6 13.Bc4 Bf5 14.Nc3 Be6 
15.Bxe6+ fxe6 16.Rfd1 Nf5 17.Ne4 Be7 18.g4 Nh4 19.Nxh4 Bxh4 20.Kg2 Be7 21.
Nc5 Bxc5 22.dxc5 Rd5 23.Rd2 Ne5 24.Kg3 Nd3 25.Rc2 c6 26.Rb1 e5 27.h4 Rf8 
28.b4 e4 29.Rc4 Nxf2 30.Bxf2 Rd3+ 31.Kg2 Rd2 32.Rxe4 Rdxf2+ 33.Kg1 Rxa2 
34.Rd1 Rd8 35.Rf1 Rd7 36.g5 hxg5 37.hxg5 a5 38.Re8+ Kc7 39.Ra8 a4 40.Rf2 
Rxf2 41.Kxf2 b5 42.cxb6+ Kxb6 43.Rxa4 Kb5 44.Ra1 Kxb4 45.Rb1+ Ka5 46.Ra1+ 
Kb6 47.Rb1+ Kc7 48.Ra1 c5 49.Ra6 Kb7 50.Re6 c4 51.Kf3 c3 52.Re2 Rf7+ 53.
Kg4 Rc7 54.Rc2 Kb6 0-1